| 000 | 00822nam a2200217 i 4500 | ||
|---|---|---|---|
| 001 | 143037 | ||
| 003 | ES-MaACL | ||
| 005 | 20230906200711.0 | ||
| 007 | t| | ||
| 008 | 070214s1967 sp f b |||| | spa d | ||
| 245 | 0 | 0 |
_aSelección de bibliografía cartagenera _b: catálogo de la exposición conmemorativa de la inauguración de la Casa de Cultura. |
| 260 |
_a[Madrid] : _bDirección General de Archivos y Bibliotecas, _c1967 ( _eValencia : _fSoler) |
||
| 300 |
_a37 h., 6 lám. ; _c21 cm. |
||
| 651 | 4 |
_aCartagena- _vBibliografías. _9169679 |
|
| 651 | 4 |
_aCartagena- _vExposiciones. _9169680 |
|
| 655 | 7 |
_2tgfbne _9193628 _aCatálogos de exposiciones |
|
| 710 | 1 |
_aEspaña. _bDirección General de Archivos y Bibliotecas. _93701 |
|
| 852 |
_aES-MaACL _jC-36953 |
||
| 942 | _2udc | ||
| 999 |
_c143037 _d143037 |
||